【プロ野球】 2026年 阪神タイガース 応援歌 - Statistics

General Stats
  • This quiz has been taken 13 times
  • The average score is 16 of 19
Answer Stats
応援歌 選手名 % Correct
Oh⋯Wo Wo Wo〜 悠然と振り構えたバットに 我らの夢を乗せて スタンドへはじき返せ 栄光つかむその日まで さぁここで見せてくれ さぁ主砲の一打を 勝利に導け 我らの〇〇 大山悠輔
100%
切り拓け 勝利への道 打てグラウンド駆けろ 燃えろ 〇〇 近本光司
100%
強い気持ちで 勝利を目指せ〇〇  さあ 夢を拓け 打て走れ〇〇 中野拓夢
100%
栄えある猛虎の歴史に 刻め新たな輝跡(きせき)を こだまするこの声を背に受け 突き進めさあ行こう 勝利に向かって
振り抜け輝け 打て 〇〇
佐藤輝明
100%
狙いを定め 強気で攻めろお前の時代を築け さぁぶちかませ 坂本誠志郎
100%
熱き心 乗せたスイング行くぞ〇〇 勝利目指せ 木浪聖也
92%
夢つかめ 豪快なパワー渾身のフルスイング 翔けろ〇〇 森下翔太
92%
気迫のスイング 燃えろよ〇〇どでかいアーチ 勝利への一撃 梅野隆太郎
92%
走れ〇〇 海足(かいそく)唸らせ 歓喜の渦が巻く ホームベース目指して 植田海
92%
さあ行け快足で チャンスをつかめ 〇〇〇〇 そのスピードで 勝利へ駆けろ 島田海吏
83%
勝利を導く 気迫の一撃 今この瞬間 振り抜け〇〇 前川右京
83%
全力プレーで掴みとれ 疾風(はやて)のごとく 魅せろ〇〇 熊谷敬宥
75%
誰にも劣らぬ ハートの強い男 我武者羅に走り抜け 果敢な戦士 凛々しく 泥臭く 斬り込め全力で 気力こめて 今ここで 燃えさかれ 糸原健斗
75%
光る技を 今こそ見せろ 狙い定めて〇〇 フィールド駆けろ 小幡竜平
75%
La La La・・・レッツゴー 〇〇 カモン 〇〇 ディベイニー
67%
気合と度胸 努力の証情熱を燃やして 夢を勝ち取れ 小野寺暖
67%
滾る闘志を この瞬間に望む一撃 レッツゴー!〇〇 髙寺望夢
67%
強く高くボール飛ばせ レッツゴー〇〇さあ行くぞ勝利へ 進め進め進め 外国人選手二番
50%
虎の扇の要 炎を巻き上げ燃える一撃を 叩き込め 捕手汎用
50%
No matching quizzes found
Score Distribution
Percent of People with Each Score
Percentile by Number Answered
Your Score History
You have not taken this quiz